000
00296nam a22001337a 4500
008
170630b xxu||||| |||| 00| 0 eng d
020
_a
0486245225
041
_a
eng
080
_a
82
100
_a
22
101
_a
GJL
245
_a
ETHICAL WRITINGS OF MAIMONIDES
_c
WEISS, R.L
942
_2
udc
_c
BK
999
_c
19740
_d
19740